000 00874cam a2200265Ja 4500
008
020 _a0135902665 (hbk. )
049 _aMAIN
090 _aTK2901 MOD
245 0 0 _aModern battery technology /
_ceditor, Clive D.S. Tuck.
260 _aNew York :
_bEllis Horwood,
_c1991.
300 _a579 p. :
_bill. ;
_c25 cm.
440 0 _aEllis Horwood series in applied science and industrial technology
504 _aIncludes bibliographical references.
500 _aIncludes index.
650 0 _aElectric batteries
_xDesign and construction.
653 _aPower networks, systems, stations and plants
653 _aPower generation and distribution
700 1 _aTuck, Clive D. S.
907 _a.b10007398
_b26-04-07
_c17-04-03
003
005 20230123134127.0
040 _cNUST
942 _cBOOKS
_kTK2901 MOD
999 _c160499
_d160499